| 000 | 00000nam 2200000za 4500 |
| 001 | 9.641403 |
| 003 | CaOODSP |
| 005 | 20250611103606 |
| 007 | cr ||||||||||| |
| 008 | 150407s2006 onc||||#o f00| 0 fre d |
| 040 | |aCaOODSP|bfre |
| 043 | |an-cn--- |
| 086 | 1 |aA22-563/2006F-PDF |
| 086 | 1 |aA22-561/2006F-PDF |
| 245 | 00|aQuatrième rapport d'étape du Canada sur la sécurité alimentaire en réponse au Plan d'action du Sommet mondial de l'alimentation |h[ressource électronique] |
| 260 | |a[Ottawa] : |bAgriculture et Agroalimentaire Canada,|c2006. |
| 300 | |a63p.|btableaux |
| 520 | |aSuivi de la mise en oeuvre duPlan d’action du Sommet mondial de l’alimentation. Le présent rapport est le quatrième présenté par le Canada à l’Organisation des Nations Uniespour l’alimentation et l’agriculture (FAO). Y figurent quelques-unes des nombreusesinitiatives que le Canada a entreprises au cours des deux dernières années pour atteindre l’objectif du Sommet. |
| 590 | |a13-05-Supp|b2013-02-27 |
| 691 | 07|aDisponibilités alimentaires|2gcpds |
| 691 | 07|aFaim|2gcpds |
| 710 | 1 |aCanada. |bAgriculture et agroalimentaire Canada. |
| 775 | 08|tCanada's fourth progress report on food security in response to the World Food Summit plan of action |w(CaOODSP)9.697349 |
| 856 | 40|ahttp://publications.gc.ca|qPDF|s711 Ko|uhttps://publications.gc.ca/collections/collection_2013/aac-aafc/A22-563-2006-fra.pdf |